| 000 | 00416nam a22001697a 4500 | ||
|---|---|---|---|
| 005 | 20180220165700.0 | ||
| 008 | 160615b xxu||||| |||| 00| 0 eng d | ||
| 020 | _a81-259-0529-4 | ||
| 041 | _aeng | ||
| 082 |
_b7629 _a158.2 |
||
| 100 |
_aSALUJA,MADAN _94149 |
||
| 245 | _aHUMAN RELATION | ||
| 260 |
_aNew Delhi _bVikas Publishing House (P) Ltd. _c2002 |
||
| 300 | _a182 | ||
| 650 |
_aManagement _9241 |
||
| 942 | _cBK | ||
| 999 |
_c2725 _d2724 |
||